000 00345 a2200145 4500
005 20250625135237.0
020 _a0-19-876070-1
082 _aLM 342.42 WAD
100 _aWADE, H. W. R.
245 _aAdministrative Law.
250 _a4th Ed.
260 _aLondon,
_bClarendom Press,
_c1977.
300 _aii, 855p.
_c22cm.
_bIndex
942 _2ddc
_cBKS
999 _c209
_d209